|
|
|
|
| LEADER |
00000nam a22000007a 4500 |
| 005 |
20210301211147.0 |
| 007 |
cr|||| |||| |
| 008 |
210301s2012 us |||||s|||| 00||0 eng d |
| 020 |
|
|
|a 978-1-61438-659-9
|
| 035 |
|
|
|a 33092
|
| 040 |
|
|
|a vLex
|
| 090 |
|
|
|c 11320
|d 11320
|
| 100 |
1 |
|
|a Abrahams, Sharon Meit
|
| 245 |
1 |
0 |
|a 100 Plus Pointers for New Lawyers on Adjusting to Your Job
|h [Recurso electrn̤ico] /
|c Sharon Meit Abrahams
|
| 256 |
|
|
|a Servicio en ln̕ea
|
| 260 |
|
|
|a Chicago:
|b American Bar Association,
|c 2012
|
| 300 |
|
|
|a 1 recurso electrn̤ico
|
| 506 |
1 |
|
|a Disponible solo en los productos indicados
|d vLex Global
|d vLex Global (Academic Edition, excluding Law Schools)
|d vLex Global (Academic Edition, Law Schools)
|
| 650 |
0 |
4 |
|a Ciencias sociales
|z Estados Unidos
|
| 740 |
0 |
|
|a vLex Libros (Servicio en ln̕ea)
|
| 856 |
4 |
0 |
|u http://vlex.com/source/100-plus-pointers-new-lawyers-adjusting-your-job-33092
|z Acceso restringido
|
| 942 |
|
|
|c BOOK
|
| 999 |
0 |
|
|a Social Sciences
|